000 00741nam a2200217Ia 4500
003 GCL
008 140319s9999 xx 000 0 ara d
040 _aGCL /
_cGCL
082 0 4 _a811.5
_bم ش
100 1 _aابوالعلاء المعرى
245 1 0 _aشرح ديوان ابى الطيب المتنبى /
_cابوالعلاء المعرى
700 1 _aعبدالحميد دياب (تحقيق)
260 _a[S.N] :
_bدار المعارف ،
_c1992
490 _aذخائر العرب
_v0
650 0 4 _aالشعر العربى
650 0 4 _aدواوين وقصائد
650 0 4 _aالدولة العباسية الثانية
650 0 4 _aالمتنبى, ابو الطيب
650 0 4 _aتاريخ ونقد
942 _2ddc
_cBK
999 _c55170
_d55170